El retorno de los lápices : periodismo, prosa y algo más /

Bibliographic Details
Main Author: Villa Zapata, Catalina Juliana (Author)
Other Authors: Penagos Cortez, Lizandro (Editor)
Format: Electronic eBook
Language:Spanish
Published: Cali, Valle del Cauca, Colombia : Programa Editorial, Universidad Autónoma de Occidente, 2022.
Edition:Primera edición.
Subjects:
Online Access:Digitalia Hispánica

MARC

LEADER 00000nam a2200000 i 4500
001 DIGUAOCCTE0084
003 NyNyDIG
006 m o d
007 cr |||||||||||
008 231022s2022 ck a ob 000 0 spa d
035 |a (OCoLC)1406037255 
040 |a DGITA  |b eng  |e rda  |e pn  |c DGITA 
020 |a 9789586190916  |q pdf 
020 |a 978586190909  |q ePub 
043 |a s-ck--- 
050 1 4 |a PN4700 ebook 
245 0 3 |a El retorno de los lápices :  |b periodismo, prosa y algo más /  |c compilador, Lizandro Penagos Cortez ; Catalina Villa [and 18 others]. 
250 |a Primera edición. 
264 1 |a Cali, Valle del Cauca, Colombia :  |b Programa Editorial, Universidad Autónoma de Occidente,  |c 2022. 
300 |a 1 online resource :  |b illustrations. 
336 |a text  |b txt  |2 rdacontent 
337 |a computer file  |b c  |2 rdamedia 
338 |a online resource  |b cr  |2 rdacarrier 
347 |a text file  |2 rdaft 
347 |b PDF 
504 |a Includes bibliographical references. 
588 0 |a Online resource; title from PDF title page (Digitalia, viewed October 22, 2023) 
650 0 |a Journalism  |x Authorship. 
650 0 |a Journalism  |z Colombia. 
700 1 |a Penagos Cortez, Lizandro,  |e editor. 
700 1 |a Villa Zapata, Catalina Juliana,  |e author. 
791 2 |a Digitalia (Firm),  |e distributor. 
793 0 |g Digitalia eBook Collection:  |a Universidad Autónoma de Occidente 
856 4 0 |3 Digitalia Hispánica  |u https://www.digitaliapublishing.com/a/130505/ 
910 |a Premium collection: 2023